000 00456nam a22001457a 4500
003 MACL
005 20190508131852.0
008 190508b xxu||||| |||| 00| 0 eng d
040 _cMACL
100 _aदत्‍त,रमेशचन्‍द्र
_974811
245 _aबंगाल का विजेता
260 _aनई दिल्‍ली
_bबाल निधी
_c2017
650 _aउपन्‍यास
_974812
942 _2ddc
_cHIN
999 _c59719
_d59719